A journal of the plague year : (Record no. 5485)

MARC details
000 -LEADER
fixed length control field 00924cam a2200193 4500
001 - CONTROL NUMBER
control field 6506
020 ## - INTERNATIONAL STANDARD BOOK NUMBER
Canceled/invalid ISBN 9789350091227
100 1# - MAIN ENTRY--PERSONAL NAME
Personal name Defoe, Daniel.
Dates associated with a name
245 12 - TITLE STATEMENT
Title A journal of the plague year :
Remainder of title being observations or memorials of the most remarkable occurrences, as well publick as private, which happened in London during the last great visitation in 1665 /
Statement of responsibility, etc. Daniel Defoe.
250 ## - EDITION STATEMENT
Edition statement 3d ed.
260 ## - PUBLICATION, DISTRIBUTION, ETC.
Place of publication, distribution, etc. London ;
Name of publisher, distributor, etc. Everyman,
Date of publication, distribution, etc. 2000.
300 ## - PHYSICAL DESCRIPTION
Extent xxiv, 240 p. ; 21 cm.
336 ## - CONTENT TYPE
Content type term text
Content type code txt
Source rdacontent
337 ## - MEDIA TYPE
Media type term computer
Media type code c
Source rdamedia
520 ## - SUMMARY, ETC.
Summary, etc. The text and notes are reproduced from the Oxford English Novels edition. The introduction sheds light on the relationship of the Journal to Pepys's diary, and a medical note relates the latest research on the Plague.
650 ## - SUBJECT ADDED ENTRY--TOPICAL TERM
Topical term or geographic name entry element Plague -- Fiction.
Form subdivision
General subdivision
Chronological subdivision
Geographic subdivision
Source of heading or term
Topical term or geographic name entry element Great Plague, London, England, 1664-1666.
Holdings
Withdrawn status Lost status Source of classification or shelving scheme Damaged status Not for loan Collection code Home library Current library Shelving location Date acquired Serial Enumeration / chronology Inventory number Total Checkouts Full call number Barcode Date last seen Date last checked out Price effective from Koha item type
    Dewey Decimal Classification     Main TEST RTC Library RTC Library Main opac 27/11/2018 10243 2 823.5 DEF 30011239 12/05/2022 25/04/2022 27/11/2018 Main
Royal Thimphu College || All Right Reserved